Poor form (Record no. 66851)

MARC details
000 -LEADER
fixed length control field 01003cam a2200229 4500
001 - CONTROL NUMBER
control field ABS63816
008 - FIXED-LENGTH DATA ELEMENTS--GENERAL INFORMATION
fixed length control field 000000n2001 000 0 eng u
035 ## - SYSTEM CONTROL NUMBER
System control number (Sirsi) u112295
100 ## - MAIN ENTRY--PERSONAL NAME
Personal name Forrest, E.
245 ## - TITLE STATEMENT
Title Poor form
260 ## - PUBLICATION, DISTRIBUTION, ETC.
Date of publication, distribution, etc. 2001
490 ## - SERIES STATEMENT
Series statement Building
Volume/sequential designation 266(8180) 12 April 2001, 24-26(3)
520 ## - SUMMARY, ETC.
Summary, etc. Describes the problems that have occurred with Constructionline the centralised database for public sector clients. It has failed to attract many users since its launch; clients and construction firms being reluctant to sign up. Even clients that have registered are often not making full use of the system. Capita, the group that runs the service and the DETR are keen to save the database by planning a series of improvements in an attempt to attract more regional clients and firms.
590 ## - LOCAL NOTE (RLIN)
Local note ABS
650 ## - SUBJECT ADDED ENTRY--TOPICAL TERM
Topical term or geographic name entry element CONSTRUCTIONLINE
650 ## - SUBJECT ADDED ENTRY--TOPICAL TERM
Topical term or geographic name entry element TENDERING
650 ## - SUBJECT ADDED ENTRY--TOPICAL TERM
Topical term or geographic name entry element DETR
650 ## - SUBJECT ADDED ENTRY--TOPICAL TERM
Topical term or geographic name entry element CAPITA
650 ## - SUBJECT ADDED ENTRY--TOPICAL TERM
Topical term or geographic name entry element PUBLIC SECTOR
690 ## - LOCAL SUBJECT ADDED ENTRY--TOPICAL TERM (OCLC, RLIN)
Topical term or geographic name as entry element Procurement
9 (RLIN) 6260
942 ## - ADDED ENTRY ELEMENTS (KOHA)
Suppress in OPAC 0
Holdings
Withdrawn status Lost status Source of classification or shelving scheme Damaged status Not for loan Home library Current library Shelving location Date acquired Total Checkouts Full call number Barcode Date last seen Copy number Price effective from Koha item type
    Dewey Decimal Classification     London London Journal article 01/05/2001   ABS63816 112295-1001 06/08/2019 1 06/08/2019 Journal article